000 00849nam a2200193Ii 4500
003 JO-AjNU
008 230605s9999||||xx |||||||||||||| ||und||
040 _aJO-AjNU
_bara
_erda
_cJO-AjNU
041 _aara
050 1 4 _aKRM500.S26.1964
100 3 _aتأليف السنهوري، عبد الرزاق بن أحمد,
_eauthor
_946962
245 0 0 _aالوسيط في شرح القانون المدني: العقود الواردة على العمل ، المقاولة والوكالة والوديعة والحراسة
264 3 1 _aالقاهرة: دار النهضة العربية، 1964
300 _aج7،م2، 982-1722ص
336 _atext
_btxt
_2rdacontent
337 _aunmediated
_bn
_2rdamedia
338 _avolume
_bnc
_2rdacarrier
650 4 _a القانون المدني -- مصر -- قوانين وتشريعات -- مصر
_946963
999 _aA20468
_c24036
_d24036